000 00734nam a22002537a 4500
001 35463
003 UA-OsUOA
005 20211014202759.0
007 ta
008 20051130b un ||||| |||| 00| 0 ukr d
020 _a5691009532
040 _aUA-OsUOA
_brus
_cUA-OsUOA
_dUA-OsUOA
041 _arus
080 _a930.2(470+571)
090 _a930.2(470+571)
_bИ90
245 _aИсториография истории Росии до 1917 года
_bв 2-х т.
_cпод ред. Лачаэвой М.
260 _aМ.
_bВладос
_c2004
300 _a383 с.
505 _gТ.2
650 7 _a94 Історія
_2UDC
942 _cBK
_2udc
955 _a2
999 _c321825
_d321825